| 000 | 00550nam a22001937a 4500 | ||
|---|---|---|---|
| 003 | LK-CoDNM | ||
| 005 | 20250106104539.0 | ||
| 008 | 250102b |||||||| |||| 00| 0 eng d | ||
| 040 |
_aLK-CoDNM _dLK-CoDNM _eLK-CoDNM |
||
| 041 | _aeng | ||
| 080 |
_a4 _bE1 |
||
| 100 | _aA. Alcock, M.B. , C.M.Z.S. , F.G.S. | ||
| 245 | _aA descriptive catalogue of the Indian deep-sea fishes in the Indian museum | ||
| 260 |
_c1899 _aCalcutta _bThe trustees of the Indian museum |
||
| 300 | _b211p. ; 27 cm | ||
| 650 | _aScience | ||
| 650 | _a1899 | ||
| 942 | _cBK | ||
| 999 |
_c234978 _d234978 |
||